Normal view
MARC view
Entry Personal Name
001 - CONTROL NUMBER
- control field: 35270
003 - CONTROL NUMBER IDENTIFIER
- control field: ARRUPE
005 - DATE AND TIME OF LATEST TRANSACTION
- control field: 20170825095052.0
008 - FIXED-LENGTH DATA ELEMENTS
- fixed length control field: 170825|| aca||aabn | a|a d
040 ## - CATALOGING SOURCE
- Original cataloging agency: ARRUPE
- Transcribing agency: ARRUPE
100 ## - HEADING--PERSONAL NAME
- Personal name: Chiaromonte, Nicola.
670 ## - SOURCE DATA FOUND
- Source citation: Work cat.: (ARRUPE)0: Chiaromonte, Nicola., The paradox of history :, 1985